000 01079nam a2200241Ia 4500
003 IN-BaIIA
008 211028s9999 xx 000 0 eng d
020 _a1-56396-664-6
040 _cIIA Library
080 _a523.6(082.2)
_bAST
111 _aConference Astrophysical Implications of the Laboratory Study of Pre solar Materials
_cUSA
_d1996 Oct. 31- Nov. 2
_922641
245 0 _aAstrophysical implications of the laboratory study of presolar materials
_bproceedings of the conference held in St.Louis, USA, October 31 to November 2, 1996
_cedited by T. J. Bernatowicz and Ernst Zinner
260 _aNew York
_bAmerican Institute of Physics
_c1997
300 _axiii, 750p.
490 _aAIP conference proceedings; v. 402
650 _aAstrophysics -- Congresses
_912189
650 _aCosmic grains -- Congresses
_922642
650 _aCosmochemistry -- Congresses
_922643
700 _aBernatowicz, T. J., ed.
_922644
700 _aZinner, Ernst., ed.
_922645
710 _aAmerican Institute of Physics
_92416
942 _cBK
999 _c12905
_d12905